Assisted Diagnostic System for Identifying Gastrointestinal Cancer using Adapted Color Features / (Record no. 534927)

000 -LEADER
fixed length control field 00506nam a22001457a 4500
020 ## - INTERNATIONAL STANDARD BOOK NUMBER
Qualifying information Hard Cover.
100 ## - MAIN ENTRY--PERSONAL NAME
Personal name Nisar, Rida
245 ## - TITLE STATEMENT
Title Assisted Diagnostic System for Identifying Gastrointestinal Cancer using Adapted Color Features /
Statement of responsibility, etc. Rida Nisar.
260 ## - PUBLICATION, DISTRIBUTION, ETC.
Place of publication, distribution, etc. Islamabad :
Name of publisher, distributor, etc. CEME - NUST,
Date of publication, distribution, etc. 2015.
300 ## - PHYSICAL DESCRIPTION
Extent 86 p. : ill. ;
Dimensions 30cm.
942 ## - ADDED ENTRY ELEMENTS (KOHA)
Source of classification or shelving scheme
Koha item type Thesis
650 ## - SUBJECT ADDED ENTRY--TOPICAL TERM
Topical term or geographic name entry element MS THESIS COMPUTER ENGINEERING
700 ## - ADDED ENTRY--PERSONAL NAME
Personal name Dr. Farhan Riaz.
650 ## - SUBJECT ADDED ENTRY--TOPICAL TERM
-- 29293
700 ## - ADDED ENTRY--PERSONAL NAME
-- 29350
Holdings
Withdrawn status Lost status Source of classification or shelving scheme Damaged status Not for loan Permanent Location Current Location Shelving location Date acquired Total Checkouts Full call number Barcode Date last seen Price effective from Koha item type
          Central Library (CL) Central Library (CL) Thesis 08/12/2020   621.39 CL-T-242 08/12/2020 08/12/2020 Thesis
© 2023 Central Library, National University of Sciences and Technology. All Rights Reserved.